00859nam a22002057a 4500003000500000005001700005008004100022010001000063011001000073035001000083040000900093100003300102245025400135260003800389300002300427502010600450650002500556650005100581650002100632CHAP20220329135933.0971013s1980 r 00010 d a44361 a45333 a49472 cCHAP00aRamírez Malagón, Rafael. aEvaluación del rendimiento en siembra de riego y temporal de 49 colectas de frijol (Phaseolus vulgaris L.) de Guanajuato, correlación entre nueve caracteres, y observación de tolerancia a virus (virus del masaico común (V.M.C.F.) y a roya... aIrapuato, Gto. :bEl autor,c1980 a107 h.b; gráfs. aTesis (Ing. Agr. Esp. en Fitotecnia) -- Universidad de Guanajuato. Escuela de Agronomía y Zootecnia14aFrijolxRendimiento.14aFrijolxVariedades resistentes a enfermedades.14aRoya del frijol.